Manažérske rozhodovanie na príklade predajcu automobilov diplomová práca

Gespeichert in:
Bibliographische Detailangaben
1. Verfasser: Cviková, Alžbeta
Körperschaft: Fakulta podnikového manažmentu EU. Katedra manažmentu
Weitere Verfasser: Mišún, Juraj, 1978-
Format: Buch
Sprache:Slowakisch
Veröffentlicht: Bratislava 2010
Tags: Tag hinzufügen
Keine Tags, Fügen Sie das erste Tag hinzu!

MARC

LEADER 00000nam a2200000 4500
001 0119706
005 20240318122543.1
041 0 |a slo 
044 |a SK 
245 1 0 |a Manažérske rozhodovanie na príklade predajcu automobilov  |b diplomová práca  |c Alžbeta Cviková ; škol. Juraj Mišún 
264 1 |a Bratislava  |c 2010 
300 |a 62 s. 
100 1 |a Cviková, Alžbeta 
700 1 |a Mišún, Juraj, 1978- 
710 2 |a Fakulta podnikového manažmentu EU. Katedra manažmentu